[Event "AUTO-BEG-614"]
[Site "http://www.queenalice.com/game.php?id=1304501"]
[Date "2014.8.28"]
[Round "1"]
[White "caniplaywillc"]
[Black "Tho"]
[Result "0-1"]
[WhiteElo "1532"]
[BlackElo "1219"]

1. e4 e5 2. g3 Nf6 3. f3 b6 4. c3 Be7 5. d4 Bd6 6. b3 O-O 7. d5 c6 8. dxc6 dxc6
9. Ba3 Ne8 10. Bxd6 Qxd6 11. Qxd6 Nxd6 12. Nd2 Nd7 13. Ne2 Nf6 14. O-O-O Nb5 15.
a4 Nd6 16. Nc4 Nxc4 17. bxc4 a6 18. Rd6 Bb7 19. Rd2 c5 20. g4 Bc6 21. Ra2 b5 22.
axb5 axb5 23. Rxa8 Rxa8 24. Kb2 bxc4 25. Ng3 Rd8 26. Bxc4 Rd2+ 27. Kc1 Rf2 28.
Nf5 Rxf3 29. Ne7+ Kf8 30. Nxc6 Rxc3+ 31. Kb2 Rxc4 32. Nxe5 Rxe4 33. Nd3 c4 34.
Nf2 Re2+ 35. Kc3 Rxf2 36. h3 Rf4 37. Rg1 Ne4+ 38. Kxc4 Nf2+ 39. Kd5 Nxh3 40. Ke5
f6+ 41. Ke6 Nxg1 42. g5 fxg5 43. Ke5 h5 0-1

[Event "AUTO-BEG-614"]
[Site "http://www.queenalice.com/game.php?id=1304502"]
[Date "2014.8.28"]
[Round "1"]
[White "Tho"]
[Black "caniplaywillc"]
[Result "0-1"]
[WhiteElo "1253"]
[BlackElo "1477"]

1. e4 e5 2. Nf3 f6 3. Bc4 Ne7 4. O-O c6 5. Nc3 a5 6. Ne2 d5 7. Bd3 d4 8. c3 b5
9. cxd4 Ba6 10. Qc2 exd4 11. Nfxd4 g6 12. Qb3 a4 13. Qe6 Bc8 14. Qxf6 Rg8 15. b3
Bg7 16. Qf4 Bxd4 17. Nxd4 Rf8 18. Qh4 h5 19. e5 Nd5 20. Qe4 Bf5 21. Qe2 Qe7 22.
e6 Bxd3 23. Qxd3 Nf4 24. Qe4 Qg5 25. Nxc6 Rf5 26. Qb4 Nxc6 27. Qe4 Re5 28. Qxc6+
Ke7 29. g3 Ne2+ 30. Kg2 Nf4+ 31. Kh1 Rd8 32. Qb6 Rxe6 33. Qc7+ Rd7 34. gxf4 Qd5+
35. f3 Rxc7 36. Bb2 Qxd2 37. Bc1 Qc3 38. Rb1 Re1 39. Ba3+ b4 40. Rbxe1+ Kf7 41.
Rc1 Qf6 42. Rxc7+ Kg8 43. Bxb4 Qxf4 44. Rb7 axb3 45. axb3 h4 46. Rd1 Qxf3+ 47.
Kg1 Qxb7 48. Rd4 Qb6 49. Bc3 Qxb3 50. Rd8+ Kf7 51. Bd4 h3 52. Rc8 Qd1+ 53. Kf2
Qxd4+ 54. Kg3 Qe3+ 55. Kh4 g5+ 56. Kg4 Qf4+ 57. Kh5 Qh4# 0-1

[Event "SOS IV"]
[Site "http://www.queenalice.com/game.php?id=1312224"]
[Date "2014.10.3"]
[Round "-"]
[White "perucona"]
[Black "caniplaywillc"]
[Result "1-0"]
[WhiteElo "1361"]
[BlackElo "1574"]

1. e4 e5 2. d4 exd4 3. Qxd4 f6 4. Nf3 c6 5. Nc3 d5 6. exd5 cxd5 7. Nxd5 Nc6 8.
Qe4+ Be6 9. Bf4 Qxd5 10. Qxd5 Bxd5 11. O-O-O Bxf3 12. gxf3 Rd8 13. Rxd8+ Nxd8
14. Bd3 g5 15. Bd2 a6 16. Re1+ Ne7 17. Bb4 Nc6 18. Bxe7 Nxe7 19. Bf1 Kf7 20. Rd1
Nc6 21. Bd3 Bh6 22. Bc4+ Kg6 23. Rd7 Ne5 24. Bf7+ Nxf7 25. Rxb7 g4+ 26. Kd1 gxf3
27. Ra7 Rd8+ 28. Ke1 Rd6 29. b4 Bd2+ 30. Kd1 Be3+ 31. Ke1 Bxa7 32. c3 Ne5 33. h3
Nd3+ 34. Kf1 Nxf2 35. a4 Nxh3 36. c4 1-0

[Event "SOS V"]
[Site "http://www.queenalice.com/game.php?id=1312225"]
[Date "2014.10.3"]
[Round "-"]
[White "perucona"]
[Black "caniplaywillc"]
[Result "0-1"]
[WhiteElo "1417"]
[BlackElo "1654"]

1. e4 e5 2. d4 exd4 3. Qxd4 Nc6 4. Qd5 Nb4 5. Qd2 c6 6. c3 Na6 7. Bxa6 bxa6 8.
Nf3 f6 9. O-O d5 10. Re1 Bb7 11. Na3 dxe4 12. Nh4 Qd7 13. Qxd7+ Kxd7 14. Rxe4 c5
15. Re1 g6 16. Nf3 Bxf3 17. gxf3 Bh6 18. Bxh6 Nxh6 19. Rad1+ Kc8 20. Re2 Nf5 21.
Red2 Nh4 22. f4 Nf3+ 23. Kf1 Nxd2+ 24. Rxd2 Kc7 25. Kg1 Rhd8 26. Re2 Rd1+ 27.
Kg2 Rad8 28. h4 Ra1 0-1

[Event "SOS XIV"]
[Site "http://www.queenalice.com/game.php?id=1312234"]
[Date "2014.10.3"]
[Round "-"]
[White "perucona"]
[Black "caniplaywillc"]
[Result "0-1"]
[WhiteElo "1404"]
[BlackElo "1667"]

1. e4 e5 2. d4 exd4 3. Qxd4 Nc6 4. Qd5 Nb4 5. Qd2 d5 6. exd5 Qxd5 7. Qxd5 Nxd5
8. Nc3 Nxc3 9. bxc3 c6 10. Bg5 f6 11. Bd2 Bc5 12. Nf3 g5 13. g4 Ne7 14. Bc4 a5
15. O-O Bxg4 16. Be2 O-O 17. Bc4+ Kg7 18. Rae1 Bxf3 19. Be3 Nf5 20. Bxc5 Rfe8
21. Rxe8 Rxe8 22. a3 Re5 23. Be3 Nxe3 24. fxe3 Rxe3 25. Kf2 Rxc3 26. Be2 Bxe2
27. Kxe2 Rxc2+ 28. Kf3 Rc3+ 0-1

[Event "Challenge"]
[Site "http://www.queenalice.com/game.php?id=1312763"]
[Date "2014.10.5"]
[Round "-"]
[White "Numimbala"]
[Black "caniplaywillc"]
[Result "0-1"]
[WhiteElo "1394"]
[BlackElo "1586"]

1. g3 f5 2. f4 c6 3. Nf3 d6 4. c3 e6 5. d4 d5 6. Qd3 Nh6 7. Rg1 Ng4 8. h3 Nf6 9.
c4 Ne4 10. g4 fxg4 11. hxg4 Bb4+ 12. Bd2 Bxd2+ 13. Kd1 Nf2+ 14. Kxd2 Nxd3 15.
Kxd3 h6 16. Rh1 dxc4+ 17. Kxc4 O-O 18. g5 e5 19. Kc3 Rxf4 20. Nxe5 Qxd4+ 21. Kc2
Qxe5 22. gxh6 Rxf1 23. Rxf1 Qxe2+ 24. Nd2 gxh6 25. Rfe1 Bf5+ 26. Kc3 Qh5 27. Re5
Nd7 28. Re3 b5 29. Rg1+ Kf7 30. Kb4 a5+ 31. Kc3 b4+ 32. Kb3 Be6+ 33. Kc2 Qc5+
34. Kd3 Bf5+ 35. Ke2 Re8 36. Rg3 Rxe3+ 37. Rxe3 Bg4+ 38. Kf2 Ne5 39. Ne4 Qc2+
40. Kg3 h5 41. Kf4 Ng6+ 42. Kg5 Qc1 43. Nd6+ Kg7 0-1

[Event "HER PERUCONA XXIV"]
[Site "http://www.queenalice.com/game.php?id=1313897"]
[Date "2014.10.10"]
[Round "-"]
[White "perucona"]
[Black "caniplaywillc"]
[Result "0-1"]
[WhiteElo "1410"]
[BlackElo "1661"]

1. e4 e5 2. Nf3 f6 3. Nc3 c6 4. Bc4 a5 5. O-O Ne7 6. d3 b5 7. Bb3 a4 8. Bxa4
bxa4 9. Re1 g6 10. Re3 Bh6 11. Re2 Bxc1 12. Rxc1 d5 13. exd5 Nxd5 14. Nxd5 Qxd5
15. Qe1 O-O 16. a3 Re8 17. Rd1 Ba6 18. Re3 e4 19. dxe4 Qb5 20. b3 axb3 21. cxb3
f5 22. exf5 Rxe3 23. Qd2 Rd3 24. Qc2 Rxd1+ 25. Qxd1 gxf5 26. Qd8+ Kg7 27. Qe7+
Kh8 0-1

[Event "O PAPA E POP IV"]
[Site "http://www.queenalice.com/game.php?id=1318338"]
[Date "2014.10.28"]
[Round "-"]
[White "rogeriooliveira"]
[Black "caniplaywillc"]
[Result "1-0"]
[WhiteElo "1219"]
[BlackElo "1658"]

1. e4 e5 2. Nf3 f6 3. Nc3 c6 4. Bc4 Ne7 5. O-O a5 6. d3 b5 7. Bb3 a4 8. Bxa4
Rxa4 9. b3 Ra6 10. Bb2 d5 11. exd5 Nxd5 12. Nxd5 Qxd5 13. Re1 Bf5 14. Re2 Bc5
15. Qf1 h5 16. Rae1 O-O 17. Bxe5 fxe5 18. c3 Bxd3 19. h3 Bxe2 20. Rxe2 e4 21.
Nd2 Rxa2 22. c4 bxc4 23. bxc4 Qxc4 24. g3 e3 25. fxe3 Rxf1+ 26. Kxf1 Qc1+ 27.
Kf2 Rxd2 28. Rxd2 Qxd2+ 29. Kf1 Qxe3 30. g4 1-0

[Event "Challenge"]
[Site "http://www.queenalice.com/game.php?id=1318484"]
[Date "2014.10.28"]
[Round "-"]
[White "gobblemate"]
[Black "caniplaywillc"]
[Result "0-1"]
[WhiteElo "1792"]
[BlackElo "1525"]

1. d4 d5 2. Nf3 f6 3. e3 g5 4. Bd3 e6 5. Bd2 Bg7 6. e4 c6 7. h4 g4 8. Ng1 dxe4
9. Qxg4 Qe7 10. Qxe4 f5 11. Nc3 fxe4 0-1

[Event "Challenge"]
[Site "http://www.queenalice.com/game.php?id=1325944"]
[Date "2014.12.3"]
[Round "-"]
[White "Soter"]
[Black "caniplaywillc"]
[Result "0-1"]
[WhiteElo "1647"]
[BlackElo "1613"]

1. g3 d5 2. Bg2 c6 3. b3 b5 4. Bb2 f6 5. e3 e5 6. Nf3 g6 7. Nc3 a5 8. d3 d4 9.
Ne2 dxe3 10. fxe3 Bg7 11. c4 b4 12. O-O Bb7 13. d4 e4 14. Nd2 f5 15. Nf4 c5 16.
Ne6 Qe7 17. Nxc5 Bc6 18. Rc1 Nd7 19. Nxd7 Bxd7 20. c5 Bb5 21. Rf4 Nf6 22. a3 Nd5
23. Rf2 Nxe3 24. Qe1 Nxg2 25. Rxg2 Bc6 26. Nc4 e3 27. Nxe3 Bxg2 28. Kxg2 O-O 29.
c6 bxa3 30. Ba1 Qb4 31. Qd1 Rfd8 32. Rc4 Qb6 33. d5 Bxa1 34. Qxa1 Qxb3 35. Qe5
Re8 36. Rc3 Qb2+ 0-1

[Event "FIXAÇAO II"]
[Site "http://www.queenalice.com/game.php?id=1326314"]
[Date "2014.12.5"]
[Round "-"]
[White "perucona"]
[Black "caniplaywillc"]
[Result "1-0"]
[WhiteElo "1348"]
[BlackElo "1600"]

1. e4 e5 2. Nf3 f6 3. Nc3 c6 4. Bd3 Bc5 5. O-O b5 6. Nb1 g5 7. Ne1 h5 8. Nf3 Ne7
9. Nc3 g4 10. Nh4 d5 11. exd5 cxd5 12. Nxb5 a6 13. Nc3 e4 14. b4 Bxb4 15. Re1
exd3 16. cxd3 Bb7 17. Re3 d4 18. Re2 dxc3 19. dxc3 1-0

[Event "FIXAÇAO VI"]
[Site "http://www.queenalice.com/game.php?id=1326318"]
[Date "2014.12.5"]
[Round "-"]
[White "perucona"]
[Black "caniplaywillc"]
[Result "1-0"]
[WhiteElo "1320"]
[BlackElo "1628"]

1. e4 e5 2. Nf3 f6 3. Nc3 c6 4. Bc4 Ne7 5. O-O d5 6. exd5 Nxd5 7. Nxd5 cxd5 8.
Be2 Bc5 9. d3 O-O 10. Be3 Bxe3 11. fxe3 e4 12. dxe4 dxe4 13. Nd4 g6 14. Rf4 g5
15. Rg4 h5 16. Rxe4 f5 17. Re5 Re8 18. Rxe8+ 1-0

[Event "Challenge"]
[Site "http://www.queenalice.com/game.php?id=1333129"]
[Date "2015.1.6"]
[Round "-"]
[White "JOROVAS"]
[Black "caniplaywillc"]
[Result "0-1"]
[WhiteElo "1637"]
[BlackElo "1638"]

1. d4 d5 2. Nc3 c6 3. Bd2 b6 4. e3 g6 5. Be2 h5 6. h3 Bg7 7. Nf3 f6 8. Bd3 Bf5
9. Bxf5 gxf5 10. b4 Qd6 11. a3 Bh6 12. Qe2 f4 13. e4 e5 14. exd5 cxd5 15. Nh4
Ne7 16. Qxh5+ Kd8 17. Qf7 Rg8 18. Qh7 Bg5 19. Nf5 Qe6 0-1

[Event "Challenge"]
[Site "http://www.queenalice.com/game.php?id=1336143"]
[Date "2015.1.22"]
[Round "-"]
[White "Camy"]
[Black "caniplaywillc"]
[Result "1-0"]
[WhiteElo "1719"]
[BlackElo "1672"]

1. e4 e5 2. Nf3 f6 3. Bc4 Ne7 4. O-O c6 5. d4 b5 6. Bd3 d5 7. dxe5 dxe4 8. Bxe4
Bb7 9. Qxd8+ Kxd8 10. e6 f5 11. Bd3 g6 12. Ng5 Ke8 13. Nf7 Rg8 14. Nd6+ Kd8 15.
Nxb7+ Kc7 16. Nc5 Nd5 17. Nb3 Nf4 18. Bxf4+ Kd8 19. a4 b4 20. Na5 Bc5 21. Nb7+
Ke7 22. Nxc5 g5 23. Be3 f4 24. Bd2 h5 25. Bxb4 a5 26. Bd2 Ra7 27. Re1 Rg6 28.
Bxg6 Kd6 29. Bxa5 Kxc5 30. e7 1-0